00987 2200313 4500001002100000005001500021035002000036007000300056008004100059020002200100082001500122084001700137100003900154245010800193250003400301300004500335650002500380700003000405504003200435264003200467336002100499337003000520338002300550040002200573090002200595850001200617999002200629990002200651INLIS00000000090119120260107101145 a0010-0126000124ta260107s2025 yoia g 000 0 ind d a978-634-01-1517-804223a571.96 a571.96 DAN i3 aDangeubun, Jane LulindaePengarang10aImunostimulan alami untuk akuakultur berkelanjutan /cJane Lulinda Dangeubun; penyunting, Ahmad Khanafi aCetakan Pertama, Oktober 2025 ax, 107 halaman :bgambar, tabel ;c23 cm 4aImunitas--xBinatang0 aAhmad KhanafiePenyunting aBibliografi: halaman 86-10731aSleman :bDeepublish,c2025 2rdacontentateks 2rdamediaatanpa perantara 2rdacarrieravolume aYOPDYOGbinderda aCB-D.11 2025-3904 aYOPDYOG aCB-D.11/2025-3904 aCB-D.11/2025-3904